000 02416nam a2200253Ia 4500
003 Ost
005 20260507075448.0
008 260507s9999||||xx |||||||||||||| ||und||
020 _a2109189957
040 _cfsecg
041 _aara
082 _a510
100 _aالمومني، غازي فلاح
_eمؤلف
245 0 _aالرياضيات المالية المعاصرة /
_c غازي فلاح المومني
260 _aعمان:
_bدار المناهج,
_c2006
300 _a298 صفحة؛
_bإيضاحات ؛
_c24 سم
504 _aبيبليوغرافيا ص.297
520 _aيتناول هذ الكتاب مايلي : المقدمة – الباب الأول : الأدوات الرياضية المساعدة لحل مشاكل الفائدة البسيطة والمركبة : الفصل الأول : المعادلات : الفصل الثانى : نظرية الأسس والجذور : الفصل الثالث : المتواليات العددية : الفصل الرابع : المتواليات الاهندسية : الفصل الخامس : اللوغريتمات – الباب الثانى : الفائدة البسيطة : الفصل السادس : الفائدة : الفصل السابع : الدفعات المتساوية : الفصل الثامن : الفوائد الدورية : الفصل التاسع : خصم الديون وقطع الأوراق التجارية : الفصل العاشر : تسوية الديون واستبدال الأوراق التجارية : الفصل الحادى عشر : حسابات المنشأة التى تمثل معاملاتها مع الغير – الباب الثالث : الفصل الثانى عشر : الفائدة المركبة : الفصل الثالث عشر : القيمة الحالية : الفصل الرابع عشر : تسوية الديون طويلة الأجل (بفائدة مركبة ) – الفصل الخامس عشر : جملة الدفعات المتساوية (بفائدة مركبة) : الفصل السادس عشر : القيمة الحالية للدفعات المتساوية (بفائدة مركبة) : الفصل السابع عشر : سداد الديون طويلة الأجل على أقساط متساوية منتظمة
653 _aالاقتصاد المالي
653 _aالجذور
653 _aالرياضيات المالية
653 _aالمعادلات
942 _cكتاب
999 _c44599
_d44599